00796nam a2200229 a 450000100100000000500170001000800410002704000250006808200210009310000320011424501790014625000120032526000310033730000300036849000190039865000160041765000270043365000290046065000300048970000280051983000190054700002084720260414130834.0100818s1977 mx 000 0 spa d aDO-SdBNPbspacBNPHU a920bV328v, 19771 aVasari, Giorgio,d1511-157410aDe los héroes :bVidas de los más excelentes pintores, escultores y arquitectos /cG. Vasari ; selección, traducción, estudio preliminar y notas por Julio E. Payró. a10a ed. aMéxico :bCumbre,c1977. axxxix, 1-349 p. ;c21 cm.1 aLos clásicos 0aBiografía 4aPintoresxBiografías 4aEscultoresxBiografías 4aArquitectosxBiografías1 aPayró, Julio E.,etr. 0aLos clásicos